Climbing the mountain fast but smart: Modelling rubber tree growth and latex yield under climate change (Record no. 55707)

MARC details
000 -LEADER
fixed length control field 00639nam a2200229Ia 4500
100 ## - MAIN ENTRY--AUTHOR NAME
Personal name Yang X
245 #0 - TITLE STATEMENT
Title Climbing the mountain fast but smart: Modelling rubber tree growth and latex yield under climate change
260 ## - PUBLICATION, DISTRIBUTION, ETC. (IMPRINT)
Name of publisher Forest Ecology and Management
Year of publication 2019
300 ## - PHYSICAL DESCRIPTION
Number of Pages 55-69
500 ## - GENERAL NOTE
General note Source Year: 2019
650 ## - SUBJECT ADDED ENTRY--TOPICAL TERM
Topical Term Climate change
650 ## - SUBJECT ADDED ENTRY--TOPICAL TERM
Topical Term Latex yield
700 ## - ADDED ENTRY--PERSONAL NAME
Personal name Blagodatsky S
700 ## - ADDED ENTRY--PERSONAL NAME
Personal name Cadisch G
700 ## - ADDED ENTRY--PERSONAL NAME
Personal name Golbon R
700 ## - ADDED ENTRY--PERSONAL NAME
Personal name Liu H
700 ## - ADDED ENTRY--PERSONAL NAME
Personal name Marohn C
700 ## - ADDED ENTRY--PERSONAL NAME
Personal name Xu J
856 ## - ELECTRONIC LOCATION AND ACCESS
Uniform Resource Identifier doi.org/10.1016/j.foreco.2019.02.028
942 ## - ADDED ENTRY ELEMENTS (KOHA)
Koha item type Journals
Holdings
Withdrawn status Lost status Damaged status Not for loan Home library Current library Shelving location Date acquired Serial Enumeration / chronology Koha item type
      Journals RRII Library RRII Library Climate change 01/01/2021 Volume 439, Issue Journals